[Event "V Open Capo d'Orso"]
[Site "Portomannu - Palau ITA"]
[Date "2013.06.03"]
[Round "3"]
[White "Kyas, Juergen"]
[Black "Sani, Leonardo"]
[WhiteElo "2198"]
[BlackElo "1789"]
[Result "1-0"]
[PlyCount "41"]
[EventDate "2013.06.01"]

1. e4 c6 2. d4 d5 3. Nc3 dxe4 4. Nxe4 Bf5 5. Ng3 Bg6 6. h4 h6 7. Nf3 Nf6 8. Ne5
Bh7 9. Bd3 Bxd3 10. Qxd3 Nbd7 11. f4 e6 12. Bd2 Qc7 13. O-O-O Nxe5 14. fxe5 Nd7
15. Rhf1 g6 16. h5 g5 17. Kb1 Be7 18. Rxf7 Kxf7 19. Qg6+ Kf8 20. Rf1+ Bf6 21.
Bb4+ 1-0

[Event "V Open Capo d'Orso"]
[Site "Portomannu - Palau ITA"]
[Date "2013.06.03"]
[Round "3"]
[White "Loeffler, Stefan"]
[Black "Diotallevi, Maurizio"]
[WhiteElo "2425"]
[BlackElo "2007"]
[Result "1-0"]
[PlyCount "61"]
[EventDate "2013.06.01"]

1. c4 e6 2. Nc3 d5 3. d4 Nf6 4. Bg5 Be7 5. Qc2 c6 6. e3 Nbd7 7. O-O-O dxc4 8.
Bxc4 Nd5 9. Bxe7 Qxe7 10. Nf3 Nxc3 11. Qxc3 Qf6 12. h4 b6 13. Ng5 h6 14. Ne4
Qe7 15. Ng3 Nf6 16. e4 Bd7 17. e5 Nd5 18. Qf3 O-O-O 19. Ne4 Kb8 20. Rh3 Bc8 21.
Nd6 Rdf8 22. Qa3 Qc7 23. Bxd5 exd5 24. Rc3 Qd7 25. Rd2 Bb7 26. Rdc2 Ba8 27. b4
f6 28. b5 Rc8 29. e6 Qxe6 30. Re3 Qd7 31. Nxc8 1-0

[Event "V Open Capo d'Orso"]
[Site "Portomannu - Palau ITA"]
[Date "2013.06.03"]
[Round "3"]
[White "Marin, Mihail"]
[Black "Bonafede, Alessandro"]
[WhiteElo "2549"]
[BlackElo "2353"]
[Result "1-0"]
[PlyCount "65"]
[EventDate "2013.06.01"]

1. d4 f5 2. g3 Nf6 3. Bg2 d6 4. Nf3 g6 5. O-O Bg7 6. c4 O-O 7. Nc3 Qe8 8. d5 a5
9. Ne1 Na6 10. Nd3 c6 11. Bd2 e5 12. dxe6 Bxe6 13. b3 Ne4 14. Rc1 Nxd2 15. Qxd2
Nc5 16. Nxc5 dxc5 17. Qd6 g5 18. Na4 Rf6 19. Nxc5 Bxc4 20. Qd2 Rd8 21. Qxg5 Bd5
22. Nxb7 Bxg2 23. Kxg2 Rd5 24. Rfd1 Qxe2 25. Re1 Qg4 26. Re8+ Kf7 27. Qe3 f4
28. Qe7+ Kg6 29. Rg8 f3+ 30. Kg1 Qh3 31. Rxg7+ Kf5 32. g4+ Kf4 33. Qe3# 1-0

[Event "V Open Capo d'Orso"]
[Site "Portomannu - Palau ITA"]
[Date "2013.06.03"]
[Round "3"]
[White "Puzko, Danila"]
[Black "Pantaleoni, Claudio"]
[WhiteElo "2018"]
[BlackElo "2156"]
[Result "1-0"]
[PlyCount "45"]
[EventDate "2013.06.01"]

1. e4 e5 2. Nf3 Nc6 3. Bb5 Nf6 4. O-O Nxe4 5. d4 Nd6 6. Bxc6 dxc6 7. dxe5 Nf5
8. Qxd8+ Kxd8 9. b3 b6 10. Rd1+ Ke8 11. Bb2 a5 12. Nc3 Ba6 13. Rd2 Bb4 14. Rad1
Ne7 15. a3 Bxc3 16. Bxc3 Nd5 17. Bb2 Nf4 18. Nd4 Bb7 19. Nf5 Ne6 20. Rd7 Bc8
21. Nxg7+ Kf8 22. Nxe6+ fxe6 23. Rxc7 1-0

[Event "V Open Capo d'Orso"]
[Site "Portomannu - Palau ITA"]
[Date "2013.06.03"]
[Round "3"]
[White "Rombaldoni, Axel"]
[Black "Caoili, Arianne"]
[WhiteElo "2484"]
[BlackElo "2219"]
[Result "1-0"]
[PlyCount "79"]
[EventDate "2013.06.01"]

1. c4 f5 2. d4 Nf6 3. g3 g6 4. Bg2 Bg7 5. Nh3 d6 6. d5 e5 7. dxe6 Na6 8. Nc3
Nc5 9. Ng5 O-O 10. Nd5 Nxe6 11. Nxe6 Bxe6 12. Nxf6+ Qxf6 13. Bxb7 Rab8 14. Bd5
Qf7 15. O-O Bxb2 16. Bxb2 Rxb2 17. Qd3 Bxd5 18. cxd5 f4 19. a4 Re8 20. Rfe1 Re5
21. Qd4 Rbxe2 22. Rxe2 Rxe2 23. Qxa7 fxg3 24. hxg3 Qxd5 25. Qb8+ Kf7 26. Qxc7+
Re7 27. Qc1 Re5 28. Qc7+ Re7 29. Qc8 Qd4 30. Rc1 Qxa4 31. Qh8 h5 32. Rc8 Ke6
33. Qg8+ Kf5 34. Qf8+ Ke6 35. Qg8+ Kf5 36. Qd5+ Re5 37. Rf8+ Kg4 38. Qf3+ Kg5
39. Qf6+ Kg4 40. Qh4# 1-0

[Event "V Open Capo d'Orso"]
[Site "Portomannu - Palau ITA"]
[Date "2013.06.03"]
[Round "3"]
[White "Rowson, Jonathan"]
[Black "Valet, Richard"]
[WhiteElo "2574"]
[BlackElo "2068"]
[Result "1-0"]
[PlyCount "71"]
[EventDate "2013.06.01"]

1. d4 Nf6 2. c4 g6 3. Nc3 Bg7 4. e4 d6 5. f3 a6 6. Be3 Nc6 7. Nge2 Rb8 8. Rc1
O-O 9. Qd2 e5 10. d5 Ne7 11. c5 b5 12. cxb6 cxb6 13. Rc2 Nd7 14. Nc1 f5 15. Be2
f4 16. Bf2 g5 17. g4 Ng6 18. Nd3 Ra8 19. Nb4 Bb7 20. Nc6 Qf6 21. b4 Rf7 22. Na4
Nh4 23. Rg1 Bf8 24. Nxb6 Nxb6 25. Bxb6 h5 26. h3 Rh7 27. Qc1 Ng6 28. Na5 hxg4
29. hxg4 Qh8 30. Rf1 Rf7 31. Rc7 Rxc7 32. Qxc7 Bc8 33. Nc4 Nh4 34. Nxd6 Bxd6
35. Qxd6 Ng2+ 36. Kd2 1-0

[Event "V Open Capo d'Orso"]
[Site "Portomannu - Palau ITA"]
[Date "2013.06.03"]
[Round "3"]
[White "Sprotte, Norbert"]
[Black "Sonis, Francesco"]
[WhiteElo "2144"]
[BlackElo "1697"]
[Result "1/2-1/2"]
[PlyCount "49"]
[EventDate "2013.06.01"]

1. d4 Nf6 2. Nf3 g6 3. c4 Bg7 4. Nc3 O-O 5. Bf4 d6 6. h3 Nbd7 7. e3 c5 8. Be2
cxd4 9. exd4 b6 10. O-O Bb7 11. Re1 Rc8 12. Qa4 Bc6 13. Qb3 Ne4 14. Nb5 Ra8 15.
Rad1 a6 16. Nc3 Nxc3 17. Qxc3 Rc8 18. Qe3 Re8 19. d5 Bb7 20. Nd4 Nf6 21. Bh6
Bxh6 22. Qxh6 Kh8 23. Bd3 Ng8 24. Qh4 e5 25. Qxd8 1/2-1/2

[Event "V Open Capo d'Orso"]
[Site "Portomannu - Palau ITA"]
[Date "2013.06.03"]
[Round "3"]
[White "Tischbierek, Raj"]
[Black "Libiszewski, Fabien"]
[WhiteElo "2426"]
[BlackElo "2520"]
[Result "1/2-1/2"]
[PlyCount "73"]
[EventDate "2013.06.01"]

1. e4 d6 2. d4 Nf6 3. Nc3 g6 4. Nf3 Bg7 5. Be2 O-O 6. O-O Bg4 7. Be3 Nc6 8. Qd2
e5 9. dxe5 dxe5 10. Rad1 Qxd2 11. Rxd2 Rad8 12. Rfd1 a6 13. h3 Rxd2 14. Rxd2
Bc8 15. Bc4 Na5 16. Bf1 Be6 17. b3 Nc6 18. Ng5 Bc8 19. Nf3 Re8 20. a3 h6 21. b4
b5 22. Rd1 Bb7 23. Ne1 Nd4 24. f3 Nd7 25. a4 c5 26. bxc5 b4 27. Ne2 Nxc5 28. a5
Na4 29. Bxd4 exd4 30. Rb1 Bf8 31. Nd3 Nc3 32. Nxc3 dxc3 33. Nxb4 Bxe4 34. fxe4
Bc5+ 35. Kh1 Rb8 36. Bxa6 Rxb4 37. Rxb4 1/2-1/2

[Event "V Open Capo d'Orso"]
[Site "Portomannu - Palau ITA"]
[Date "2013.06.03"]
[Round "3"]
[White "Tommasini, Enzo"]
[Black "Lanzani, Mario"]
[WhiteElo "2161"]
[BlackElo "2303"]
[Result "0-1"]
[PlyCount "106"]
[EventDate "2013.06.01"]

1. d4 Nf6 2. c4 e6 3. g3 c5 4. d5 exd5 5. cxd5 d6 6. Nc3 g6 7. Bg2 Bg7 8. Nf3
O-O 9. O-O Na6 10. Nd2 Nc7 11. a4 b6 12. Re1 Ba6 13. Qb3 Nd7 14. h3 f5 15. Nc4
Bxc4 16. Qxc4 a6 17. Bf4 Ne5 18. Bxe5 Bxe5 19. f4 Bg7 20. e4 fxe4 21. Rxe4 b5
22. axb5 axb5 23. Rxa8 bxc4 24. Rxd8 Rxd8 25. Re7 Bd4+ 26. Kh1 Bxc3 27. bxc3
Nb5 28. Bf1 Nxc3 29. Bxc4 Ra8 30. Re6 Ra4 31. Bb3 Rb4 32. Bc2 Rb2 33. Bd3 Rd2
34. Ba6 Rxd5 35. Bc4 Rd1+ 36. Kg2 d5 37. Re3 Rc1 38. Bf1 Kf7 39. g4 Rc2+ 40.
Kf3 Ne4 41. Be2 Kf6 42. h4 c4 43. Ra3 Rc3+ 44. Rxc3 Nxc3 45. g5+ Ke7 46. Bf1
Nb5 47. Ke3 d4+ 48. Kd2 Nd6 49. Bg2 Ke6 50. Bh3+ Kd5 51. Bg2+ Kc5 52. Bf3 d3
53. h5 Kd4 0-1

[Event "V Open Capo d'Orso"]
[Site "Portomannu - Palau ITA"]
[Date "2013.06.04"]
[Round "4"]
[White "Bonafede, Alessandro"]
[Black "Crapulli, Giuseppe"]
[WhiteElo "2353"]
[BlackElo "1976"]
[Result "1-0"]
[PlyCount "73"]
[EventDate "2013.06.01"]

1. e4 c5 2. Nf3 e6 3. b4 cxb4 4. a3 bxa3 5. Nxa3 Nc6 6. c3 d5 7. e5 Bd7 8. d4
a6 9. Bd3 b5 10. O-O Nge7 11. Bxb5 Nxe5 12. Nxe5 axb5 13. Qb3 Rb8 14. Bf4 Rb7
15. Rfb1 Nc8 16. c4 Bxa3 17. Qxa3 dxc4 18. Nxc4 b4 19. Rxb4 Rxb4 20. Qxb4 f6
21. Ra8 Kf7 22. Nd6+ Kg6 23. h4 h5 24. Qb7 Nxd6 25. Qb1+ Nf5 26. Rxd8 Rxd8 27.
f3 Kf7 28. Qb7 Ne7 29. Qc7 Ke8 30. Qa5 Nd5 31. Bd6 Rc8 32. Qd2 Rc6 33. Bc5 Kf7
34. Qa2 Rc8 35. Kh2 Bc6 36. Qa7+ Kg6 37. Qa6 1-0

[Event "V Open Capo d'Orso"]
[Site "Portomannu - Palau ITA"]
[Date "2013.06.04"]
[Round "4"]
[White "Cardili, Mariano"]
[Black "Del Nevo, Claudio"]
[WhiteElo "2131"]
[BlackElo "1840"]
[Result "1-0"]
[PlyCount "87"]
[EventDate "2013.06.01"]

1. d4 d6 2. c4 Nf6 3. Nc3 g6 4. e4 c6 5. Nf3 Bg7 6. Be2 O-O 7. O-O Qc7 8. Re1
Bg4 9. Nd2 Bxe2 10. Qxe2 Nfd7 11. d5 Na6 12. Nf3 Ne5 13. Nxe5 Bxe5 14. f4 Bxc3
15. bxc3 Qd7 16. f5 Rac8 17. Qf2 f6 18. Bh6 Rf7 19. Qg3 g5 20. h4 Kh8 21. hxg5
fxg5 22. Qxg5 Rg8 23. Qf4 Nc5 24. Re3 Qd8 25. e5 e6 26. exd6 exf5 27. dxc6 bxc6
28. Qd4+ Qf6 29. Qxf6+ Rxf6 30. Bf4 Nd7 31. Rd1 Rfg6 32. Rd2 Rg4 33. Be5+ Nxe5
34. Rxe5 f4 35. d7 Rd8 36. Re6 Rg7 37. Rxc6 Rgxd7 38. Rxd7 Rxd7 39. Rf6 Rd1+
40. Kh2 Rd3 41. Rxf4 Rxc3 42. Rf7 Ra3 43. c5 Rxa2 44. c6 1-0

[Event "V Open Capo d'Orso"]
[Site "Portomannu - Palau ITA"]
[Date "2013.06.04"]
[Round "4"]
[White "Kyas, Juergen"]
[Black "Loeffler, Stefan"]
[WhiteElo "2198"]
[BlackElo "2425"]
[Result "1/2-1/2"]
[PlyCount "21"]
[EventDate "2013.06.01"]

1. e4 c5 2. Nf3 e6 3. d4 cxd4 4. Nxd4 Qb6 5. Nc3 Nc6 6. Ndb5 Bc5 7. Qd2 a6 8.
Na4 Bxf2+ 9. Kd1 axb5 10. Nxb6 Bxb6 11. Bxb5 1/2-1/2

[Event "V Open Capo d'Orso"]
[Site "Portomannu - Palau ITA"]
[Date "2013.06.04"]
[Round "4"]
[White "Libiszewski, Fabien"]
[Black "L'Ami, Alina"]
[WhiteElo "2520"]
[BlackElo "2345"]
[Result "1-0"]
[PlyCount "59"]
[EventDate "2013.06.01"]

1. e4 c5 2. Nf3 d6 3. d4 cxd4 4. Qxd4 a6 5. h3 Nc6 6. Qe3 g6 7. c4 Bg7 8. Be2
Nf6 9. O-O O-O 10. Nc3 Nd7 11. Rb1 Rb8 12. Rd1 Qa5 13. Bd2 Qc5 14. Qf4 e5 15.
Qh4 Qb6 16. Bh6 Nd4 17. Nxd4 exd4 18. Nd5 Qd8 19. Qxd8 Rxd8 20. Ne7+ Kf8 21.
Bxg7+ Kxg7 22. Rxd4 Nc5 23. e5 Be6 24. exd6 f5 25. Bf3 Kf7 26. Re1 Rd7 27. b4
Na4 28. c5 Bxa2 29. Ra1 Bb3 30. Ra3 1-0

[Event "V Open Capo d'Orso"]
[Site "Portomannu - Palau ITA"]
[Date "2013.06.04"]
[Round "4"]
[White "Marin, Mihail"]
[Black "Rombaldoni, Axel"]
[WhiteElo "2549"]
[BlackElo "2484"]
[Result "1-0"]
[PlyCount "93"]
[EventDate "2013.06.01"]

1. d4 Nf6 2. Nf3 g6 3. Bf4 Bg7 4. e3 d6 5. h3 O-O 6. Be2 Nfd7 7. Bh2 e5 8. c4
Nc6 9. Nc3 h6 10. d5 Ne7 11. g4 a6 12. Nd2 f5 13. gxf5 gxf5 14. Qc2 Kh8 15. Rg1
b5 16. O-O-O Bf6 17. Kb1 Rb8 18. e4 bxc4 19. Nxc4 Nc5 20. Qd2 f4 21. Bg4 Bd7
22. Qe2 Be8 23. Bh5 Kh7 24. Bxe8 Qxe8 25. Rg4 Rb4 26. f3 h5 27. Rg2 Ng6 28. Bg1
Na4 29. Qd3 Nh4 30. Rc2 Rg8 31. Bf2 Rg7 32. Na5 Nxc3+ 33. Qxc3 Rb8 34. Nc6 Ra8
35. Qd3 Qd7 36. Nd4 Qxh3 37. Bxh4 Bxh4 38. Nf5 Rag8 39. Rcc1 Rg2 40. Rxc7+ Kh8
41. Nxd6 Rb8 42. Nc4 Bf6 43. d6 Rd8 44. d7 Qe6 45. Qd6 Qxd6 46. Nxd6 Kg7 47.
Rc8 1-0

[Event "V Open Capo d'Orso"]
[Site "Portomannu - Palau ITA"]
[Date "2013.06.04"]
[Round "4"]
[White "Reutimann, Hans Peter"]
[Black "Andreoni, Giuseppe"]
[WhiteElo "1825"]
[BlackElo "2102"]
[Result "0-1"]
[PlyCount "74"]
[EventDate "2013.06.01"]

1. d4 Nf6 2. Nf3 g6 3. Bf4 Bg7 4. e3 O-O 5. Nbd2 d6 6. c3 c5 7. Bc4 Nc6 8. O-O
Nh5 9. Bg5 h6 10. Bh4 cxd4 11. cxd4 g5 12. Bg3 Nxg3 13. hxg3 Bf5 14. Rc1 Rc8
15. Qe2 Qb6 16. e4 Bg4 17. d5 Nd4 18. Qd3 Qxb2 19. Rb1 Qc2 20. Qxc2 Nxc2 21.
Rxb7 Nd4 22. Bb3 Rc3 23. Nxd4 Bxd4 24. Rxe7 Rxg3 25. Kh2 Rd3 26. Nc4 Be2 27.
Re1 Bh5 28. Nxd6 Bxf2 29. Ne8 Bg3+ 30. Kh1 Bxe1 31. Nf6+ Kg7 32. e5 Bd1 33. Bc4
Rd4 34. Bb5 Rh4+ 35. Kg1 Bb4 36. Ne8+ Rxe8 37. Rxe8 Bc5+ 0-1

[Event "V Open Capo d'Orso"]
[Site "Portomannu - Palau ITA"]
[Date "2013.06.04"]
[Round "4"]
[White "Rowson, Jonathan"]
[Black "Tischbierek, Raj"]
[WhiteElo "2574"]
[BlackElo "2426"]
[Result "1-0"]
[PlyCount "55"]
[EventDate "2013.06.01"]

1. d4 d5 2. c4 c6 3. Nf3 Nf6 4. Nc3 dxc4 5. a4 Na6 6. e4 Bg4 7. Bxc4 Bxf3 8.
gxf3 Nb4 9. Be3 e6 10. O-O Qa5 11. Kh1 O-O-O 12. Qe2 Kb8 13. Rg1 h6 14. f4 Ne8
15. Rad1 Be7 16. Bb3 Rg8 17. d5 cxd5 18. exd5 Nc7 19. dxe6 fxe6 20. Rxd8+ Bxd8
21. Bd4 g5 22. Be5 Nc6 23. Bxe6 Rf8 24. b4 Qxb4 25. Rb1 Qa5 26. Bd5 Ka8 27.
Bxc6 bxc6 28. Qc4 1-0

[Event "V Open Capo d'Orso"]
[Site "Portomannu - Palau ITA"]
[Date "2013.06.04"]
[Round "4"]
[White "Serra, Emanuele"]
[Black "Sprotte, Norbert"]
[WhiteElo "1903"]
[BlackElo "2144"]
[Result "0-1"]
[PlyCount "110"]
[EventDate "2013.06.01"]

1. c4 e6 2. Nc3 Nf6 3. g3 c5 4. Bg2 Nc6 5. d3 Be7 6. e4 d6 7. Nge2 a6 8. f4 Qc7
9. O-O Rb8 10. h3 b5 11. g4 Nd7 12. Qe1 Nd4 13. Qf2 Nxe2+ 14. Qxe2 b4 15. Nd1
Bb7 16. Ne3 Nb6 17. f5 e5 18. f6 Bxf6 19. Nf5 O-O 20. g5 Bd8 21. h4 Nc8 22. h5
Ne7 23. Nh4 Nc6 24. Be3 Nd4 25. Bxd4 cxd4 26. Qg4 Qe7 27. Rf6 Bc8 28. Qg3 Qd7
29. Rf5 g6 30. hxg6 hxg6 31. Bh3 Qe8 32. Rf2 Bxh3 33. Qxh3 Qe6 34. Qxe6 fxe6
35. Rxf8+ Kxf8 36. Nxg6+ Kg7 37. Nh4 Bxg5 38. Ng2 b3 39. axb3 Rxb3 40. Rxa6
Rxb2 41. Rxd6 Kf6 42. Ra6 Rb3 43. Ra2 Rxd3 44. Rc2 Ra3 45. Kf2 d3 46. Rb2 d2
47. Rb1 Rc3 48. Rd1 Rc1 49. Ke2 Rxd1 50. Kxd1 Ke7 51. Nh4 Bxh4 52. Kxd2 Kd6 53.
Ke3 Kc5 54. Kd3 Be1 55. Ke2 Bc3 0-1

[Event "V Open Capo d'Orso"]
[Site "Portomannu - Palau ITA"]
[Date "2013.06.04"]
[Round "4"]
[White "Virzi, Ettore"]
[Black "Tommasini, Enzo"]
[WhiteElo "1963"]
[BlackElo "2161"]
[Result "1/2-1/2"]
[PlyCount "117"]
[EventDate "2013.06.01"]

1. e4 e6 2. d4 d5 3. Nd2 dxe4 4. Nxe4 Bd7 5. Nf3 Bc6 6. Bd3 Nd7 7. O-O Ngf6 8.
Ned2 Be7 9. Re1 Bd5 10. Nc4 c5 11. c3 cxd4 12. cxd4 O-O 13. Bf4 Nb6 14. Nce5
Rc8 15. Qe2 Bxf3 16. Nxf3 Nbd5 17. Be5 Bd6 18. Rad1 Nf4 19. Qd2 Nxd3 20. Qxd3
Nd5 21. h4 f6 22. Bxd6 Qxd6 23. Qe4 Rfe8 24. Rc1 Rc6 25. a3 Rec8 26. Rc5 b6 27.
Rxc6 Rxc6 28. g3 g6 29. Re2 Ne7 30. h5 Qd5 31. hxg6 Qxe4 32. Rxe4 hxg6 33. Kg2
g5 34. d5 Nxd5 35. Nd4 Rc4 36. b3 Nc3 37. bxc4 Nxe4 38. Nxe6 g4 39. Nd8 Nd2 40.
Nc6 Nxc4 41. Nxa7 Nxa3 42. f3 gxf3+ 43. Kxf3 Kf7 44. Kf4 Kg6 45. Nc6 b5 46. g4
Nc2 47. Ne7+ Kf7 48. Nd5 Nd4 49. Ke4 Nc6 50. Kf4 Kg6 51. Ke4 Kg5 52. Kd3 Kg6
53. Nf4+ Kh6 54. Kc3 b4+ 55. Kb3 Kg7 56. Nh5+ Kf7 57. Kc4 Ke6 58. Kb3 Ke5 59.
Kc4 1/2-1/2

[Event "V Open Capo d'Orso"]
[Site "Portomannu - Palau ITA"]
[Date "2013.06.04"]
[Round "5"]
[White "Alfier, Cecilia"]
[Black "Caoili, Arianne"]
[WhiteElo "1677"]
[BlackElo "2219"]
[Result "0-1"]
[PlyCount "80"]
[EventDate "2013.06.01"]

1. e4 e5 2. Nf3 Nc6 3. Bb5 a6 4. Ba4 Nf6 5. d3 b5 6. Bb3 Be7 7. c3 O-O 8. O-O
d6 9. h3 Na5 10. Bc2 c5 11. Be3 Bb7 12. Nbd2 Nc6 13. d4 Re8 14. d5 Nb8 15. Re1
c4 16. Nf1 Nbd7 17. Ng3 g6 18. a4 Qc7 19. Qd2 Nc5 20. Bxc5 Qxc5 21. Qe3 Qxe3
22. Rxe3 Nd7 23. axb5 axb5 24. Ree1 Nc5 25. Nd2 Bg5 26. Nf3 Be7 27. Nd2 Rec8
28. Ne2 Bg5 29. Nf3 Bd8 30. Nd2 Bb6 31. Kf1 Na6 32. f3 Be3 33. Nb1 b4 34. cxb4
Nxb4 35. Ba4 Nd3 36. Nec3 Nxe1 37. Kxe1 Bd4 38. Nb5 Ra6 39. N1c3 Bxc3+ 40. bxc3
Rca8 0-1

[Event "V Open Capo d'Orso"]
[Site "Portomannu - Palau ITA"]
[Date "2013.06.04"]
[Round "5"]
[White "Andreoni, Giuseppe"]
[Black "Lanzani, Mario"]
[WhiteElo "2102"]
[BlackElo "2303"]
[Result "0-1"]
[PlyCount "66"]
[EventDate "2013.06.01"]

1. e4 e5 2. Nf3 Nc6 3. Bb5 Nf6 4. O-O Nxe4 5. d4 Nd6 6. dxe5 Nxb5 7. a4 d6 8.
e6 Bxe6 9. axb5 Ne5 10. Nd4 Bd7 11. f4 Ng6 12. f5 Ne5 13. f6 gxf6 14. Nc3 Bg7
15. Ne4 f5 16. Nxf5 Bxf5 17. Rxf5 h6 18. Qf1 Qe7 19. Ra3 a5 20. bxa6 Rxa6 21.
Qb5+ Qd7 22. Qf1 Rxa3 23. bxa3 Qa4 24. Qe2 Kd8 25. Nf6 Qc4 26. Rxe5 Qd4+ 27.
Re3 Bxf6 28. Qf2 Re8 29. g3 h5 30. Qf3 Rxe3 31. Bxe3 Qc3 32. Kg2 Qxc2+ 33. Kh3
Qc3 0-1

[Event "V Open Capo d'Orso"]
[Site "Portomannu - Palau ITA"]
[Date "2013.06.04"]
[Round "5"]
[White "Esposito, Luca"]
[Black "Cardili, Mariano"]
[WhiteElo "2297"]
[BlackElo "2131"]
[Result "0-1"]
[PlyCount "92"]
[EventDate "2013.06.01"]

1. d4 d5 2. c4 c6 3. Nf3 Nf6 4. g3 e6 5. Qc2 Nbd7 6. Bg2 Bd6 7. O-O O-O 8. Rd1
Ne4 9. Nc3 f5 10. Rb1 Ndf6 11. Ne5 Bd7 12. f3 Nxc3 13. bxc3 Rb8 14. c5 Bc7 15.
Nd3 Qe7 16. Bf4 Bxf4 17. gxf4 Be8 18. e3 Kh8 19. Kh1 Bh5 20. Qf2 Nd7 21. Rb2 b6
22. Rdb1 bxc5 23. Rxb8 Rxb8 24. Rxb8+ Nxb8 25. Qb2 Na6 26. Nxc5 Nxc5 27. Qb8+
Qe8 28. Qxe8+ Bxe8 29. dxc5 g6 30. Kg1 Kg7 31. Kf2 Kf6 32. Bf1 e5 33. fxe5+
Kxe5 34. f4+ Kf6 35. Ke2 h6 36. Kd3 g5 37. Kd4 g4 38. Bg2 h5 39. Kd3 h4 40. Kd4
h3 41. Bh1 Ke6 42. c4 dxc4 43. Kxc4 Kd7 44. Kd4 Bf7 45. e4 fxe4 46. Bxe4 g3 0-1

[Event "V Open Capo d'Orso"]
[Site "Portomannu - Palau ITA"]
[Date "2013.06.04"]
[Round "5"]
[White "Grinblat, Artemiy"]
[Black "Nohr, Finn"]
[WhiteElo "2004"]
[BlackElo "2100"]
[Result "0-1"]
[PlyCount "86"]
[EventDate "2013.06.01"]

1. e4 e5 2. Nf3 Nc6 3. d4 exd4 4. Nxd4 Nf6 5. Nxc6 bxc6 6. e5 Qe7 7. Qe2 Nd5 8.
c4 Nb6 9. Nc3 g6 10. f4 Bg7 11. Qf2 d6 12. Be3 O-O 13. O-O-O Bg4 14. Rd2 Rad8
15. h3 Be6 16. exd6 cxd6 17. Bd4 Bxd4 18. Qxd4 d5 19. c5 Nd7 20. Na4 Qf6 21.
Ba6 Rb8 22. b4 Qxd4 23. Rxd4 Nf6 24. Nc3 h5 25. a4 Bc8 26. Bd3 Bd7 27. Kc2 Rfc8
28. Re1 Kf8 29. Ba6 Re8 30. Rxe8+ Nxe8 31. Bd3 Nc7 32. f5 Bxf5 33. Bxf5 gxf5
34. Ne2 Ne6 35. Rh4 Kg7 36. Nf4 Kf6 37. Nxh5+ Kg5 38. g3 d4 39. Nf4 Rxb4 40.
Rh5+ Kf6 41. Nd3 Rxa4 42. Kb3 Ra5 43. Kc4 Ra3 0-1

[Event "V Open Capo d'Orso"]
[Site "Portomannu - Palau ITA"]
[Date "2013.06.04"]
[Round "5"]
[White "L'Ami, Alina"]
[Black "Puzko, Danila"]
[WhiteElo "2345"]
[BlackElo "2018"]
[Result "1-0"]
[PlyCount "117"]
[EventDate "2013.06.01"]

1. d4 Nf6 2. c4 c5 3. d5 b5 4. cxb5 a6 5. f3 axb5 6. e4 Qa5+ 7. Nc3 b4 8. Nb5
d6 9. a4 Nbd7 10. b3 g6 11. Bb2 Bg7 12. Nh3 O-O 13. Qd2 Ba6 14. Nf2 Rfc8 15.
Nd1 Qd8 16. Be2 Nb6 17. O-O h5 18. Rc1 Kh7 19. Rc2 Bh6 20. Qe1 Ne8 21. f4 Nf6
22. f5 Bg7 23. fxg6+ fxg6 24. Nf2 c4 25. Bxc4 Bxb5 26. axb5 Ra2 27. Qb1 Rca8
28. Bxf6 Rxc2 29. Bxg7 Rxf2 30. Rxf2 Kxg7 31. Qb2+ Kg8 32. Bf1 Nd7 33. Qd2 Ne5
34. Qd4 Qa5 35. Rc2 Rb8 36. Be2 Rb7 37. Rc8+ Kh7 38. Qf2 Qa1+ 39. Bf1 Ng4 40.
Qf7+ Kh6 41. Qf8+ Kg5 42. h4+ Kxh4 43. Qf4 Qd4+ 44. Kh1 Qe3 45. Qxe3 Nxe3 46.
Be2 Kg3 47. Rf8 Nc2 48. Rf3+ Kh4 49. Rd3 Kg5 50. Rd2 Ne3 51. Rd4 Kf4 52. Rxb4
Rc7 53. Kh2 Rc2 54. e5+ Kxe5 55. Bd3 Rxg2+ 56. Kh1 Rg4 57. Rxg4 Nxg4 58. b6 Nf6
59. Bb5 1-0

[Event "V Open Capo d'Orso"]
[Site "Portomannu - Palau ITA"]
[Date "2013.06.04"]
[Round "5"]
[White "Libiszewski, Fabien"]
[Black "Marin, Mihail"]
[WhiteElo "2520"]
[BlackElo "2549"]
[Result "1/2-1/2"]
[PlyCount "42"]
[EventDate "2013.06.01"]

1. e4 e5 2. Nf3 Nc6 3. Nc3 Nf6 4. d4 exd4 5. Nxd4 d6 6. Bf4 g6 7. Be2 Bg7 8.
Nxc6 bxc6 9. e5 Nd5 10. Nxd5 dxe5 11. Nb4 Qxd1+ 12. Rxd1 exf4 13. Nxc6 O-O 14.
O-O Bb7 15. Bf3 Rae8 16. Rd7 Bxc6 17. Bxc6 Bxb2 18. Rxc7 Rc8 19. Rxc8 Rxc8 20.
Rb1 Bc3 21. Bd5 Re8 1/2-1/2

[Event "V Open Capo d'Orso"]
[Site "Portomannu - Palau ITA"]
[Date "2013.06.04"]
[Round "5"]
[White "Loeffler, Stefan"]
[Black "Hoenick, Andreas"]
[WhiteElo "2425"]
[BlackElo "2152"]
[Result "1-0"]
[PlyCount "43"]
[EventDate "2013.06.01"]

1. Nf3 Nf6 2. c4 c5 3. g3 g6 4. Bg2 Bg7 5. Nc3 Nc6 6. d4 cxd4 7. Nxd4 O-O 8.
O-O Ng4 9. e3 d6 10. Nxc6 bxc6 11. Bxc6 Rb8 12. Bg2 Bxc3 13. bxc3 Qc7 14. e4
Ne5 15. Qd4 Bh3 16. Bh6 Bxg2 17. Kxg2 Rfc8 18. f4 Rb2+ 19. Kg1 Qd7 20. fxe5 Qh3
21. Bd2 dxe5 22. Qd5 1-0

[Event "V Open Capo d'Orso"]
[Site "Portomannu - Palau ITA"]
[Date "2013.06.04"]
[Round "5"]
[White "Neri, Enzo"]
[Black "Kyas, Juergen"]
[WhiteElo "2052"]
[BlackElo "2198"]
[Result "0-1"]
[PlyCount "98"]
[EventDate "2013.06.01"]

1. d4 Nf6 2. c4 g6 3. Nc3 d5 4. Nf3 Bg7 5. Bf4 O-O 6. e3 c5 7. Qb3 cxd4 8. exd4
dxc4 9. Bxc4 Nc6 10. Rd1 Na5 11. Qb4 Nxc4 12. Qxc4 Bg4 13. Qd3 Nd5 14. Be5 Rc8
15. Bxg7 Kxg7 16. Qe4 Nxc3 17. bxc3 Bxf3 18. Qxf3 Qa5 19. O-O b6 20. Qe2 e6 21.
c4 Rfd8 22. d5 exd5 23. Qe5+ Kg8 24. cxd5 Rc5 25. Qb2 Rcxd5 26. Rxd5 Qxd5 27.
g3 h5 28. h4 Qf3 29. Qe5 Qd5 30. Qe7 Qd7 31. Qb4 Qd6 32. Qa4 Qe7 33. Qc2 Qc5
34. Qe4 b5 35. Re1 Rd2 36. Re2 Rxe2 37. Qxe2 a5 38. Qb2 b4 39. Kf1 Qd5 40. Ke1
Qd3 41. Qb3 Qd4 42. Qa4 Qe5+ 43. Kd1 Kg7 44. Qc2 Kf6 45. Qc6+ Kg7 46. Qc4 Qb2
47. f3 a4 48. g4 b3 49. axb3 Qxb3+ 0-1

[Event "V Open Capo d'Orso"]
[Site "Portomannu - Palau ITA"]
[Date "2013.06.04"]
[Round "5"]
[White "Pitzanti, Matteo"]
[Black "Tischbierek, Raj"]
[WhiteElo "1708"]
[BlackElo "2426"]
[Result "0-1"]
[PlyCount "58"]
[EventDate "2013.06.01"]

1. e4 c5 2. Nf3 d6 3. d4 cxd4 4. Nxd4 Nf6 5. Nc3 Nc6 6. Nb3 e6 7. Be3 Be7 8. f3
O-O 9. Qd2 a6 10. O-O-O b5 11. h3 Rb8 12. g4 b4 13. Ne2 a5 14. g5 Nd7 15. f4 a4
16. Nbd4 Na5 17. Ng3 Nc5 18. b3 axb3 19. Nxb3 Qc7 20. Kb1 Na4 21. Bd4 e5 22.
fxe5 dxe5 23. Ba1 Nc3+ 24. Bxc3 bxc3 25. Qc1 Ra8 26. h4 Nc6 27. Bc4 Nb4 28.
Bxf7+ Rxf7 29. a3 Be6 0-1

[Event "V Open Capo d'Orso"]
[Site "Portomannu - Palau ITA"]
[Date "2013.06.04"]
[Round "5"]
[White "Rombaldoni, Axel"]
[Black "Rowson, Jonathan"]
[WhiteElo "2484"]
[BlackElo "2574"]
[Result "1-0"]
[PlyCount "65"]
[EventDate "2013.06.01"]

1. e4 c5 2. Nf3 e6 3. d4 cxd4 4. Nxd4 a6 5. Bd3 Bc5 6. Nb3 Be7 7. Be3 Nf6 8.
N1d2 Nc6 9. f4 d6 10. Qe2 e5 11. O-O-O O-O 12. f5 a5 13. a4 d5 14. g4 d4 15.
Bg5 Nd7 16. Bxe7 Qxe7 17. Rhg1 Nb6 18. g5 Qb4 19. Qh5 g6 20. Qh6 Rd8 21. Rdf1
Qf8 22. Qh4 Nb4 23. Bc4 Nxc4 24. Nxc4 Re8 25. Rg3 gxf5 26. exf5 Ra6 27. Rh3 Qg7
28. Nc5 Rc6 29. Ne4 Nd5 30. Ncd6 Rxd6 31. Nxd6 Rd8 32. Ne4 Ne3 33. g6 1-0